OPAC Home

ඔබෙි හිසරදය : හිසරදය පිළිබඳ වෛද්‍ය විද්‍යාත්මක තොරතූරු හා පිළියමි (Record no. 15593)

MARC details
000 -LEADER
fixed length control field 00622nam a2200169Ia 4500
008 - FIXED-LENGTH DATA ELEMENTS--GENERAL INFORMATION
fixed length control field 180921t2011 xxu||||| |||| 00| 0 sin d
041 ## - LANGUAGE CODE
Language code of text/sound track or separate title Sinhala; Sinhalese
080 ## - UNIVERSAL DECIMAL CLASSIFICATION NUMBER
Universal Decimal Classification number 616
Item number PAN
942 ## - ADDED ENTRY ELEMENTS (KOHA)
Koha item type Books
003 - CONTROL NUMBER IDENTIFIER
control field LK-CoDNM
040 ## - CATALOGING SOURCE
Original cataloging agency LK-CoDNM
Modifying agency LK-CoDNM
Description conventions LK-CoDNM
100 ## - MAIN ENTRY--PERSONAL NAME
Personal name Panduwawala,Sarath
245 ## - TITLE STATEMENT
Title ඔබෙි හිසරදය : හිසරදය පිළිබඳ වෛද්‍ය විද්‍යාත්මක තොරතූරු හා පිළියමි
246 ## - VARYING FORM OF TITLE
Title proper/short title Obe Hisaradaya : Hisaradaya Pilibanda Vadya Vidyathmaka Thorathuru ha Piliyam
260 ## - PUBLICATION, DISTRIBUTION, ETC. (IMPRINT)
Name of publisher, distributor, etc. Karthru
Place of publication, distribution, etc. S.I.
Date of publication, distribution, etc. 2011
300 ## - PHYSICAL DESCRIPTION
Extent 93, 21 cm
Holdings
Withdrawn status Lost status Damaged status Not for loan Collection code Permanent Location Current Location Date acquired Full call number Barcode Koha item type
        Science Library National Museum Colombo - Sri Lanka Library National Museum Colombo - Sri Lanka 2023-06-11 616 PAN P36524 Books
Copyright © 2023 Department of National Museum, Colombo 07, Sri Lanka Funded by UNESCO IFAP UNESCO